Plan de emergencia para la temporada lluviosa 2001
Este artículo ofrece una descripción de la estación lluviosa en El Salvador un cuadro con las estaciones y transiciones de estaciones, su fecha y duración en días la probabilidad de ocurrencia de temporales en el 2001 un cuadro sobre la descripción de la temporada de huracanes para el 2001: pronó...
Wedi'i Gadw mewn:
| Fformat: | Texto |
|---|---|
| Pynciau: | |
| Tagiau: |
Ychwanegu Tag
Dim Tagiau, Byddwch y cyntaf i dagio'r cofnod hwn!
|
MARC
| LEADER | 00000 a a2200000 04500 | ||
|---|---|---|---|
| 001 | 6493 | ||
| 003 | |||
| 040 | |||
| 245 | |a Plan de emergencia para la temporada lluviosa 2001 | ||
| 520 | |a Este artículo ofrece una descripción de la estación lluviosa en El Salvador |a un cuadro con las estaciones y transiciones de estaciones, su fecha y duración en días |a la probabilidad de ocurrencia de temporales en el 2001 |a un cuadro sobre la descripción de la temporada de huracanes para el 2001: pronóstico de huracanes del año 2001-02-05 |a otro cuadro sobre la denominación de los huracanes en el Mar Caribe, el Golfo de México y norte del Oceano Atlántico (2001), y datos sobre la denominación de los huracanes para el este del Oceano Pacífico norte (2001). /MSD | ||
| 650 | |a ESTACIONES DEL AÑO | ||
| 650 | |a HURACANES | ||
| 650 | |a ESTACIONES DEL AÑO | ||
| 650 | |a HURACANES | ||
| 773 | |g volumen 22, número 957; páginas 13-16 | ||
| 999 | |c 30228 |d 30228 | ||
